000 00477nam a22001697a 4500
003 0
005 20240717143349.0
008 240717b xxu||||| |||| 00| 0 eng d
020 _a978-0-590-47942-3
050 _aPZ 8.9
_b.L655Li 1959
100 _aLiomi, Leo
245 _aLittle blue and little yellow
_cLionni, Leo
260 _aNew York
_bScholastic, Inc.
_c1959
300 _aunnumbered pages :
_bcolored illustrations ;
_c21cm.
650 _aFiction.
942 _2lcc
_cBK
999 _c366026
_d366026